Random World Countries - Map Quiz - Statistics

General Stats
  • This quiz has been taken 76 times
  • The average score is 18 of 20
Answers on the Map
Answers color-coded by a green-red scale on the quiz's map according to % correct below.
 
Answer Stats
Answer % Correct
Algeria
100%
Angola
100%
Argentina
100%
Australia
100%
Botswana
100%
Canada
100%
China
100%
Colombia
100%
Egypt
100%
Finland
100%
Germany
100%
India
100%
Iraq
100%
Japan
100%
Kazakhstan
100%
Kenya
100%
Libya
100%
Madagascar
100%
Mongolia
100%
Morocco
100%
Myanmar
100%
Niger
100%
Papua New Guinea
100%
Paraguay
100%
Peru
100%
Philippines
100%
Saudi Arabia
100%
Somalia
100%
South Africa
100%
Spain
100%
Sudan
100%
Thailand
100%
Turkey
100%
Turkmenistan
100%
Ukraine
100%
United States
100%
Uzbekistan
100%
Yemen
100%
Zimbabwe
100%
Mexico
80%
Brazil
75%
Central African Republic
75%
Chile
75%
Pakistan
75%
Russia
75%
Zambia
75%
Ethiopia
67%
France
67%
Indonesia
67%
Iran
67%
Mali
67%
Mauritania
67%
Namibia
67%
Republic of the Congo
67%
South Sudan
67%
Afghanistan
50%
Cameroon
50%
Chad
50%
Democratic Republic of the Congo
50%
Nigeria
50%
Sweden
50%
Bolivia
0%
Mozambique
0%
Tanzania
0%
Venezuela
0%
No matching quizzes found
Score Distribution
Percent of People with Each Score
Percentile by Number Answered
Your Score History
You have not taken this quiz